| 000 -ლიდერი |
| ფიქსირებული სიგრძის საკონტროლო ველი |
01439nam a2200241Ia 4500 |
| 003 - საკონტროლო ნომრის იდენტიფიკატორი |
| საკონტროლო ველი |
Ge_BSU |
| 005 - ბოლო ოპერაციის თარიღი და დრო |
| საკონტროლო ველი |
20211209122433.0 |
| 008 - ფიქსირებული სიგრძის მონაცემთა ელემენტები - ზოგადი ინფორმაცია |
| ფიქსირებული სიგრძის საკონტროლო ველი |
181216s2016ge xx |||||||||||||| ||geo|| |
| 020 ## - წიგნის საერთაშორისო სტანდარტული ნომერი |
| International Standard Book Number |
9789941242762 |
| 041 ## - ენის კოდი |
| Language code of text/sound track or separate title |
geo |
| 080 ## - უნივერსალური ათობითი კლასიფიკაციის ინდექსი |
| Universal Decimal Classification number |
174+316.6 გ- 48 |
| 100 ## - მთავარი ჩანაწერი - პიროვნების სახელი |
| Personal name |
გიგაური, რამაზ. |
| 9 (RLIN) |
13233 |
| 245 ## - ცნობა სათაურის შესახებ |
| Title |
წარმატების 365 გასაღები : |
| Remainder of title |
წიგნი, რომელიც თქვენს ცხოვრებას უკეთესობისკენ შეცვლის / |
| Statement of responsibility, etc |
რამაზ გიგაური (ლაქშმი რავი რამანანდა) ; რედ.თეა ბარამაშვილი; დიზ. ეთერ გზირიშვილი. |
| 264 ## - წარმოების, გამოცემის, დისტრიბუციის და სხვა ცნობები |
| გამოცემის, წარმოების, დისტრიბუციის... ადგილი |
თბილისი : |
| გამოცემის, წარმოების, დისტრიბუციის... სახელწოდება |
პალიტრაL, |
| გამოცემის, წარმოების, დისტრიბუციის... თარიღი |
2016. |
| 300 ## - ფიზიკური აღწერა |
| Extent |
448 გვ. ; |
| Dimensions |
23 სმ. |
| 440 ## - სერიის ცნობა / დამატებულია ჩანაწერი - სათაური |
| Title |
ლურჯი ოკეანე - წარმატების ბიბლიოთეკა ქართული ბესტსელერი |
| 9 (RLIN) |
13234 |
| 653 ## - INDEX TERM--UNCONTROLLED |
| Uncontrolled term |
წარმატება |
| 653 ## - INDEX TERM--UNCONTROLLED |
| Uncontrolled term |
პროფესიული ეთიკა |
| 653 ## - INDEX TERM--UNCONTROLLED |
| Uncontrolled term |
სოციოლური ფსიქოლოგია |
| 700 ## - ADDED ENTRY--PERSONAL NAME |
| Personal name |
ბარამაშვილი, თეა |
| Relator term |
რედაქტორი |
| 9 (RLIN) |
13235 |
| 700 ## - ADDED ENTRY--PERSONAL NAME |
| Personal name |
გზირიშვილი, ეთო |
| Relator term |
დიზაინერი |
| 9 (RLIN) |
11677 |
| 942 ## - ADDED ENTRY ELEMENTS (KOHA) |
| Koha item type |
წიგნი |
| Source of classification or shelving scheme |
|